Σιδηρές Κατασκευές / Παραδείγματα Εφαρμογής του Ευρωκώδικα 3. (Record no. 3743)
[ view plain ]
| 000 -LEADER | |
|---|---|
| fixed length control field | 01711cam a22002174a 4500 |
| 005 - ΗΜΕΡΟΜΗΝΙΑ ΚΑΙ ΩΡΑ ΤΕΛΕΥΤΑΙΑΣ ΕΝΗΜΕΡΩΣΗΣ | |
| Πεδίο ελέγχου | 20250605164124.0 |
| 008 - FIXED-LENGTH DATA ELEMENTS--GENERAL INFORMATION | |
| Πεδίο ελέγχου σταθερού μήκους | 250528s ||||||||||||||||||||||||d |
| 035 ## - SYSTEM CONTROL NUMBER | |
| System control number | 18381 |
| 020 ## - ISBN | |
| ISBN | 9602098570 |
| 040 ## - ΠΗΓΗ ΚΑΤΑΛΟΓΟΓΡΑΦΗΣΗΣ | |
| Φορέας πρωτότυπης καταλογογράφησης | MC Athens Campus Library |
| Γλώσσα καταλογογράφησης | Ελληνικά, Μοντέρνα (1453-) |
| Modifying agency | MC Athens Campus Library |
| Κανόνες περιγραφικής καταλογογράφησης | AACR2 |
| 245 1# - ΤΙΤΛΟΣ ΚΑΙ ΔΗΛΩΣΗ ΥΠΕΥΘΥΝΟΤΗΤΑΣ | |
| Τίτλος | Σιδηρές Κατασκευές / Παραδείγματα Εφαρμογής του Ευρωκώδικα 3. |
| Number of part/section of a work | Τόμος Ι |
| 260 ## - PUBLICATION, DISTRIBUTION, ETC. | |
| Name of publisher, distributor, etc. | Κλειδάριθμος, |
| Date of publication, distribution, etc. | 2005 |
| 300 ## - PHYSICAL DESCRIPTION | |
| Extent | 544 |
| 520 ## - SUMMARY, ETC. | |
| Summary, etc. | 2η πλήρως αναθεωρημένη έκδοση σύμφωνα με τα τελικα κείμενα του Ευροκώδικα. Πρόλογος, Συνδυασμοί Δράσεων, Κατάταξη Κιβωτοειδούς Διατομής, Επίλυση και Έλεγχους Δοκού με Εναλλακτικές Μεθόδους, Δοκός Υπό Διαξονική Κάμψη και Αξονικό Εφελκυσμό, Υποστήλωμα υπό Αξονική Θλίψη, Δοκός Πλευρικά Εξασφαλισμένη Υπό Θλίψη και Κάμψη, Κορμοί Δοκών Υπό Συγκεντρωμένα Φορτία, Σύνδεσμος Στέγης Υποστέγου, Κοχλιωτή Σύνδεση Εφελκυόμενων Ελασμάτων, Κοχλίωση Υπό Εφελκυσμό και Διάτμηση, Απλή Στήριξη Δοκού σε Δοκό, Συγκολλητός Βραχύς Πρόβολος, Κοχλιωτή Σύνδεση Δοκού-Υποστυλώματος, Παράρτημα. |
| 700 1# - ΠΡΟΣΘΕΤΗ ΑΝΑΓΡΑΦΗ--ΦΥΣΙΚΟ ΠΡΟΣΩΠΟ | |
| Personal name | Βάγιας Ι |
| 9 (RLIN) | 4652 |
| 700 1# - ΠΡΟΣΘΕΤΗ ΑΝΑΓΡΑΦΗ--ΦΥΣΙΚΟ ΠΡΟΣΩΠΟ | |
| Personal name | Ερμόπουλος Ι |
| 9 (RLIN) | 4653 |
| 700 1# - ΠΡΟΣΘΕΤΗ ΑΝΑΓΡΑΦΗ--ΦΥΣΙΚΟ ΠΡΟΣΩΠΟ | |
| Personal name | Ιωαννίδης Γ |
| 9 (RLIN) | 4654 |
| 942 ## - ADDED ENTRY ELEMENTS (KOHA) | |
| Koha item type | Books |
| Τύπος τεκμηρίου | Βιβλιοθήκη | Τρέχουσα τοποθεσία | Barcode | Αριθμός εισαγωγής | Ημερομηνία απόκτησης | Ταξιθετικό σύμβολο | Αριθμός αντιτύπου | Κατάσταση απόσυρσης | Κατάσταση χαμένου | Κατάσταση κατεστραμμένου | Μη δανεισμός | Σύνολο δανεισμών | Ημερομηνία τελευταίας εμφάνισης | Η τιμή ισχύει από |
|---|---|---|---|---|---|---|---|---|---|---|---|---|---|---|
| Books | MC Athens Campus Library | MC Athens Campus Library | 9780000037428 | 3041 | 05/06/2025 | 624.1821 VAG V.I | 1 | 05/06/2025 | 05/06/2025 |